|
|
|
|
| LEADER |
00000nam2a2200000 4500 |
| 001 |
300592 |
| 005 |
20231102001322.0 |
| 035 |
|
|
|a (RuTPU)RU\TPU\book\325745
|
| 035 |
|
|
|a RU\TPU\book\325742
|
| 090 |
|
|
|a 300592
|
| 100 |
|
|
|a 20150713d1983 k y0rusy50 ca
|
| 101 |
0 |
|
|a rus
|
| 102 |
|
|
|a RU
|
| 105 |
|
|
|a a z 001zy
|
| 200 |
0 |
|
|a Т. 22 : Пекулярные звезды, сильные магнитные поля и гамма-астрономия
|
| 210 |
|
|
|d 1983
|
| 215 |
|
|
|a 306 с.
|c ил.
|
| 320 |
|
|
|a Библиогр. в конце гл.
|
| 461 |
|
1 |
|0 (RuTPU)RU\TPU\book\272671
|t Астрономия
|f Академия наук СССР (АН СССР), Всесоюзный институт научной и технической информации (ВИНИТИ)
|v Т. 22 : Пекулярные звезды, сильные магнитные поля и гамма-астрономия
|d 1965-
|s Астрономия
|
| 606 |
1 |
|
|a Астрономия
|2 stltpush
|3 (RuTPU)RU\TPU\subj\29568
|9 52865
|
| 610 |
1 |
|
|a звезды
|
| 610 |
1 |
|
|a магнитные поля
|
| 610 |
1 |
|
|a гамма-астрономия
|
| 610 |
1 |
|
|a Вселенная
|
| 610 |
1 |
|
|a структура
|
| 610 |
1 |
|
|a межзвездная среда
|
| 610 |
1 |
|
|a тепловое излучение
|
| 610 |
1 |
|
|a теория переноса
|
| 675 |
|
|
|a 52
|v 4
|
| 702 |
|
1 |
|a Сюняев
|b Р. А.
|4 340
|
| 801 |
|
1 |
|a RU
|b 63413507
|c 20060417
|g PSBO
|
| 801 |
|
2 |
|a RU
|b 63413507
|c 20170807
|g PSBO
|
| 942 |
|
|
|c BK
|